| 000 | 02361njm a2200409Ia 4500 | ||
|---|---|---|---|
| 001 | 23843 | ||
| 003 | IT-RoPAU | ||
| 005 | 20220918181154.0 | ||
| 008 | 131025s9999 xx 000 0 und d | ||
| 040 | _aIT-RoPAU | ||
| 040 | _cIT-RoPAU | ||
| 999 |
_c102369 _d102369 |
||
| 999 | _bn.d. | ||
| 100 |
_aAA.VV. _9794 |
||
| 100 |
_eAutore musica _96535 |
||
| 100 |
_gCodice autore musica SPICS: 12000 _9796 |
||
| 245 | _aAutentico ballo liscio N.1 (L') - Lp Ox/3011 | ||
| 250 | _a1a ed. | ||
| 260 | _aMILANO | ||
| 260 |
_bOXFORD RECORD _c1976 [1a Ed.:1976] |
||
| 300 | _aDISCO | ||
| 300 | _c40 minuti (Testo: pag.) | ||
| 500 | _aMusica da ballo: valzer, polka, mazurka, tango, machiche scottish | ||
| 505 | _aCaminito (3:00) - El chocio (3:00) - Tico tico (3:00) - Delicado (3:00) - Gazzellina (2:00) - Burlesca (2:00) - Serenata a dispetto (5:00) - Organino paesano, cuccagna - Buona sera - Gita torinese - Serenata a dispetto, gazzellina - Valzer di mezzanotte - Organino paesano - Voli là - Lucciole vagabonde - Polka paesana - Notte di Toledo - Cesarina - Agilmente - Vecchia Napoli | ||
| 511 | _aComplesso Ambrosiano Pinotti-Carluccio | ||
| 650 |
_aBALLO [DISCHI] _eCodice MATERIA SPICS: 9950 _96536 |
||
| 700 |
_aFiliberto Juan Dios _dCodice autore musica SPICS: 15731 _eAutore musica _pCaminito _96537 |
||
| 700 |
_aWilloldo _dCodice autore musica SPICS: 26012 _eAutore musica _pEl chocio _96538 |
||
| 700 |
_aAbrau _dCodice autore musica SPICS: 26013 _eAutore musica _pTico tico _96539 |
||
| 700 |
_aAzevedo Dermi _dCodice autore musica SPICS: 2609 _eAutore musica _pDelicado _96540 |
||
| 700 |
_aPinotti _dCodice autore musica SPICS: 26014 _eAutore musica _pGazzellina - Burlesca - Organino paesano, cuccagna - Gita torinese - Serenata a dispetto, gazzellina - Notte di Toledo - Vecchia Napoli _96541 |
||
| 700 |
_aBerlusconi _dCodice autore musica SPICS: 26015 _eAutore musica _pSerenata a dispetto - Buona sera - Organino paesano - Polka paesana - Agilmente _96542 |
||
| 700 |
_aAmodio _dCodice autore musica SPICS: 26016 _eAutore musica _pValzer di mezzanotte _96543 |
||
| 700 |
_aBircus _dCodice autore musica SPICS: 26017 _eAutore musica _pVoli là _96544 |
||
| 700 |
_aBixio Cesare Andrea _dCodice autore musica SPICS: 13441 _eAutore musica _pLucciole vagabonde _96545 |
||
| 700 |
_aPezzolo _dCodice autore musica SPICS: 18091 _eAutore musica _pCesarina _96546 |
||
| 942 |
_cMD _2ddc |
||